[Event "RUS-ch Higher League (Women) 73rd"]
[Site "Novokuznetsk"]
[Date "2023.07.05"]
[Round "9"]
[White "Shukhman, Anna"]
[Black "Frolova, Lada"]
[Result "1-0"]
[WhiteElo "2154"]
[BlackElo "1845"]
[PlyCount "113"]
[EventDate "2023.06.26"]
[EventType "swiss"]
[EventRounds "9"]
[EventCountry "RUS"]
[SourceTitle "EXT 2024"]
[Source "ChessBase"]
[SourceDate "2023.10.10"]
[SourceVersion "1"]
[SourceVersionDate "2023.10.10"]
[SourceQuality "1"]

1. e4 c5 2. Nf3 Nc6 3. Bb5 g6 4. 0-0 Bg7 5. c3 e5 6. d4 cxd4 7. cxd4 exd4 8. Bf4 Nge7 9. Bd6 0-0 10. Nbd2 h6 11. Rc1 a6 12. Bc4 b5 13. Bd5 Bb7 14. Nb3 Nxd5 15. exd5 Ne7 16. Re1 Re8 17. Bc7 Qc8 18. Be5 Qd8 19. Bxg7 Kxg7 20. Qxd4+ Kg8 21. Ne5 Nxd5 22. Nc5 Bc6 23. Ne4 Re6 24. Ng4 Kh7 25. Rc5 f5 26. Rxd5 fxe4 27. Re5 Qh8 28. R1xe4 Rae8 29. Rxe6 Qxd4 30. Rxd4 Rxe6 31. Ne3 Kg7 32. Kf1 Kf7 33. g3 Re4 34. Rxe4 Bxe4 35. Ke2 Ke6 36. f3 Bb7 37. Nc2 Ke5 38. Ke3 h5 39. f4+ Kf5 40. h3 Bg2 41. g4+ Ke6 42. Nd4+ Kd5 43. gxh5 gxh5 44. h4 Be4 45. Ne2 Bg6 46. Ng3 Bf7 47. Ne4 Bg6 48. f5 Bxf5 49. Nf6+ Kc4 50. Nxh5 d5 51. Nf6 Bb1 52. h5 Bxa2 53. Ne4 d4+ 54. Ke2 Kb4 55. h6 Bg8 56. Nf6 Kb3 57. Kd2 1-0

[Event "Moscow op (Women) 16th"]
[Site "Moscow"]
[Date "2020.01.27"]
[Round "3"]
[White "Lesnykh, Zhanna"]
[Black "Frolova, Lada"]
[Result "1-0"]
[WhiteElo "1651"]
[BlackElo "1765"]
[PlyCount "97"]
[EventDate "2020.01.25"]
[EventType "swiss"]
[EventRounds "9"]
[EventCountry "RUS"]
[SourceTitle "CBM 194 Extra"]
[Source "ChessBase"]
[SourceDate "2020.03.31"]
[SourceVersion "1"]
[SourceVersionDate "2020.03.31"]
[SourceQuality "1"]

1. e4 c5 2. Nf3 Nc6 3. Bb5 g6 4. 0-0 Bg7 5. c3 Nf6 6. Re1 0-0 7. d4 cxd4 8. cxd4 d5 9. e5 Ne4 10. Nbd2 Bf5 11. Bxc6 bxc6 12. Nxe4 Bxe4 13. Nd2 Bf5 14. Nb3 Rb8 15. Nc5 Qc8 16. b3 Re8 17. Be3 Be6 18. Qd2 f6 19. Bh6 f5 20. Bxg7 Kxg7 21. Qa5 Kf7 22. Qxa7 g5 23. Qa5 h5 24. Qd2 Rg8 25. Qe2 h4 26. Rac1 Rg6 27. Qa6 g4 28. Qxc8 Bxc8 29. Nd3 Rb6 30. Nf4 Rg8 31. g3 hxg3 32. hxg3 Bb7 33. Kg2 Rb4 34. Red1 Ra8 35. Rd2 Rb5 36. Rh1 c5 37. Rh7+ Ke8 38. Ne6 Rc8 39. Rh8+ Kd7 40. Rxc8 Kxc8 41. Nxc5 Bc6 42. Kf1 Rb8 43. Ke2 Bd7 44. a4 e6 45. Rd1 Rb4 46. Ke3 Rb6 47. Rh1 Kd8 48. Rh8+ Be8 49. a5 1-0

[Event "Moscow op (Women) 16th"]
[Site "Moscow"]
[Date "2020.01.26"]
[Round "2"]
[White "Frolova, Lada"]
[Black "Komarova, Viktoria"]
[Result "1/2-1/2"]
[WhiteElo "1765"]
[BlackElo "1471"]
[PlyCount "82"]
[EventDate "2020.01.25"]
[EventType "swiss"]
[EventRounds "9"]
[EventCountry "RUS"]
[SourceTitle "CBM 194 Extra"]
[Source "ChessBase"]
[SourceDate "2020.03.31"]
[SourceVersion "1"]
[SourceVersionDate "2020.03.31"]
[SourceQuality "1"]

1. e4 Nf6 2. e5 Nd5 3. c4 Nb6 4. c5 Nd5 5. Bc4 e6 6. d4 d6 7. cxd6 cxd6 8. Nf3 Nb6 9. Bd3 Nc6 10. 0-0 dxe5 11. dxe5 Nb4 12. Be4 Qxd1 13. Rxd1 N4d5 14. Bd2 Bd7 15. Nc3 Be7 16. Rac1 0-0 17. Bg5 Bxg5 18. Nxg5 h6 19. Bxd5 Nxd5 20. Nxd5 exd5 21. Ne4 Bc6 22. Nc3 Rfd8 23. Rd4 Rd7 24. f4 Kf8 25. b4 b6 26. b5 Bb7 27. Rcd1 Rad8 28. Kf2 Ke7 29. f5 Rc8 30. R4d3 Rc5 31. a4 Rc4 32. Ra1 Rf4+ 33. Rf3 Rxf3+ 34. gxf3 Rc7 35. Ne2 a5 36. bxa6 Bxa6 37. Ke3 Bxe2 38. Kxe2 Rc2+ 39. Kd3 Rc5 40. Rb1 Rc4 41. Rxb6 Rxa4 1/2-1/2